Sudanese grammar / (Record no. 37454)
[ view plain ]
| 000 -LEADER | |
|---|---|
| fixed length control field | 00449nam a22001691a 4500 |
| 003 - CONTROL NUMBER IDENTIFIER | |
| control field | NEGST |
| 005 - DATE AND TIME OF LATEST TRANSACTION | |
| control field | 20110718132503.0 |
| 008 - FIXED-LENGTH DATA ELEMENTS--GENERAL INFORMATION | |
| fixed length control field | 030618s1925 001 0 eng d |
| 100 1# - MAIN ENTRY--PERSONAL NAME | |
| Personal name | Worsley, Allan. |
| 245 10 - TITLE STATEMENT | |
| Title | Sudanese grammar / |
| Statement of responsibility, etc | by Allan Worsley. |
| Medium | [Text] |
| 260 ## - PUBLICATION, DISTRIBUTION, ETC. (IMPRINT) | |
| Place of publication, distribution, etc | London |
| Name of publisher, distributor, etc | S.P.C.K |
| Date of publication, distribution, etc | 1925 |
| 300 ## - PHYSICAL DESCRIPTION | |
| Extent | vi, 80p. |
| 500 ## - GENERAL NOTE | |
| General note | Includes index. |
| 590 ## - LOCAL NOTE (RLIN) | |
| Local note | Accession number: 20884 |
| 650 #0 - SUBJECT ADDED ENTRY--TOPICAL TERM | |
| Topical term or geographic name as entry element | Sudan |
| General subdivision | Languages |
| -- | Grammar. |
| Withdrawn status | Lost status | Source of classification or shelving scheme | Damaged status | Not for loan | Collection code | Home library | Current library | Shelving location | Date acquired | Source of acquisition | Cost, normal purchase price | Total Checkouts | Full call number | Barcode | Date last seen | Copy number | Price effective from | Koha item type |
|---|---|---|---|---|---|---|---|---|---|---|---|---|---|---|---|---|---|---|
| Library of Congress Classification | General Circulation | AIU/NEGST - Tony Wilmot Memorial Library | AIU/NEGST - Tony Wilmot Memorial Library | General Stacks | 01/28/2010 | Donation - SIL | 11.00 | PJ 6797.W6 1925 | R07722W3232 | 09/26/2019 | 1 | 01/28/2010 | Books |
